Doctoral dissertations accepted by American University 1942-1943 (Record no. 1326763)

MARC details
000 -LEADER
fixed length control field 00655nam a2200217Ia 4500
005 - DATE AND TIME OF LATEST TRANSACTION
control field 20250508150949.0
008 - FIXED-LENGTH DATA ELEMENTS--GENERAL INFORMATION
fixed length control field 008 250505s9999 xx 000 0 eng d
037 ## - SOURCE OF ACQUISITION
Stock number Textual
040 ## - CATALOGING SOURCE
Original cataloging agency FEDL
Language of cataloging eng
Transcribing agency FEDL
041 ## - LANGUAGE CODE
Language code of text/sound track or separate title eng
Source of code eng
084 ## - COLON CLASSIFICATION NUMBER
Classification number 016.5, HEN
Assigning agency FEDL
100 ## - MAIN ENTRY--PERSONAL NAME
Personal name Henry Edward A Ed.
9 (RLIN) 758065
245 #0 - TITLE STATEMENT
Title Doctoral dissertations accepted by American University 1942-1943
245 #4 - TITLE STATEMENT
Statement of responsibility, etc. The Assocaition of Research Libraries
260 ## - PUBLICATION, DISTRIBUTION, ETC.
Place of publication, distribution, etc. New York, USA
Name of publisher, distributor, etc. The H. W. Wilson Company
Date of publication, distribution, etc. 1943
300 ## - PHYSICAL DESCRIPTION
Extent xiii,110p.
365 ## - TRADE PRICE
Price type code INR
Price amount 13
650 ## - SUBJECT ADDED ENTRY--TOPICAL TERM
Topical term or geographic name entry element Bibliography
942 ## - ADDED ENTRY ELEMENTS (KOHA)
Koha item type Textual
Classification part 016.5, HEN
Holdings
Withdrawn status Lost status Damaged status Not for loan Home library Current library Date acquired Cost, normal purchase price Total Checkouts Full call number Barcode Date last seen Price effective from Koha item type
        Department of Education Library Department of Education Library 2025-05-08 13.00   016.5, HEN EL0006495 2025-05-08 2025-05-08 Textual
Copyright @ Delhi University Library System